000 01192nam0a2200313 4500
001 RU\NLR\bibl\1151630
005 20250615080334.0
010 _a5-98079-248-1
_9500
021 _aRU
_b2007-62120
_93319
035 _a(NLR Aleph) 001138422
090 _a1402182
_c1402182
100 _a20071108d2006 |||y0rusy50 ca
101 0 _arus
102 _aRU
105 _ay |||||||||
200 1 _aПравовое обеспечение военной безопасности России
_e(теоретико-правовое исследование)
_fМ.Ф. Гацко
210 _aМосква
_c[б.и.]
_d2006
215 _a343 с.
_d21
320 _aБиблиогр.: с. 312-336 (425 назв.) и в подстроч. прим.
607 _aРоссийская Федерация
_xВоенная безопасность
_xПравовое обеспечение
_92499988
_3RU\NLR\auth\661482802
686 _aХ621.161
686 _aЦ8(2Р)1б4
700 1 _aГацко
_bМ. Ф.
_gМихаил Федорович
_4070
801 0 _aRU
_bNLR
_c20071108
_gRCR
801 1 _aRU
_bNLR
_c20071108
830 _aавт. по кат.
942 _cBOOK
980 _aNB